Guess the 1960s song lyrics #177 - Statistics

General Stats
  • This quiz has been taken 21 times
  • The average score is 216 of 336
Answer Stats
Answer % Correct
a
100%
the
100%
I
94%
you
94%
You
94%
and
83%
And
83%
for
83%
For
83%
it
83%
love
83%
your
83%
is
78%
My
78%
my
78%
of
78%
to
78%
do
72%
I'll
72%
in
72%
it's
72%
me
72%
Oh
72%
oh
72%
will
72%
all
67%
baby
67%
Can
67%
I'm
67%
Im
67%
man
67%
day
61%
Every
61%
every
61%
girl
61%
Look
61%
make
61%
on
61%
out
61%
with
61%
get
56%
know
56%
say
56%
see
56%
Take
56%
take
56%
things
56%
you'll
56%
boy
50%
cause
50%
gonna
50%
heart
50%
here
50%
never
50%
wants
50%
we're
50%
yes
50%
Yes
50%
beat
44%
hour
44%
minute
44%
night
44%
ya
44%
affection
39%
book
39%
comin
39%
shower
39%
trick
39%
yours
39%
apart
33%
best
33%
breath
33%
direction
33%
hooked
33%
Ooh
33%
ooh
33%
strong
33%
Supremes and Temptations
33%
tired
33%
try
33%
even
28%
Come
22%
each
22%
hunger
22%
Looky
22%
sacrifice
22%
step
22%
Sure
22%
use
22%
wrong
22%
Brings
17%
closer
17%
dig
17%
wasted
17%
won't
17%
gonna
11%
Hey
11%
Woah
11%
with
6%
No matching quizzes found
Score Distribution
Percent of People with Each Score
Percentile by Number Answered
Your Score History
You have not taken this quiz